Henry Crabb Robinson on books and their writers / (Record no. 19046)
[ view plain ]
| 000 -LEADER | |
|---|---|
| fixed length control field | 01094nam a2200289 a 4500 |
| 001 - CONTROL NUMBER | |
| control field | 19046 |
| 003 - CONTROL NUMBER IDENTIFIER | |
| rucl marc code | BD-RjUL |
| 005 - DATE AND TIME OF LATEST TRANSACTION | |
| control field | 20211209000357.0 |
| 008 - FIXED-LENGTH DATA ELEMENTS--GENERAL INFORMATION | |
| fixed length control field | 140223s1967 nyuc 000 0deng d |
| 035 ## - SYSTEM CONTROL NUMBER | |
| System control number | BD-RjUL)BD-RjUL |
| System control number | (OCoLC)230985 |
| 040 ## - CATALOGING SOURCE | |
| Original cataloging agency | DLC |
| Transcribing agency | YNG |
| Modifying agency | SER |
| -- | EQO |
| -- | BD-RjUL |
| Language of cataloging | eng |
| 041 ## - LANGUAGE CODE | |
| Language code of text/sound track or separate title | eng |
| 082 04 - DEWEY DECIMAL CLASSIFICATION NUMBER | |
| Classification number | 928.2 |
| Author mark and year | HEN 1967 V-2 |
| 245 10 - TITLE STATEMENT | |
| Title | Henry Crabb Robinson on books and their writers / |
| Statement of responsibility, etc. | edited by Edith J. Morley. |
| Number of part/section of a work | Volume 2 |
| 260 ## - PUBLICATION, DISTRIBUTION, ETC. (IMPRINT) | |
| Place of publication, distribution, etc. | London : |
| Name of publisher, distributor, etc. | J.M. Dent and Sons, limited, |
| Date of publication, distribution, etc. | [1938] |
| 300 ## - PHYSICAL DESCRIPTION | |
| Pagination | 453-820p. : |
| Illustrations | fronts. (ports.) ; |
| Size | 23 cm. |
| 500 ## - GENERAL NOTE | |
| General note | "These volumes contain in chronological order, the references to contemporary English books and their writers in Crabb Robinson's diary, travel journals and reminiscences."--Pref. |
| 650 #0 - SUBJECT ADDED ENTRY--TOPICAL TERM | |
| Topical term or geographic name as entry element | Authors, English. |
| 9 (RLIN) | 58699 |
| Topical term or geographic name as entry element | Authors |
| Form subdivision | Correspondence. |
| 9 (RLIN) | 54193 |
| 651 #0 - SUBJECT ADDED ENTRY--GEOGRAPHIC NAME | |
| Geographic name | Great Britain |
| General subdivision | Intellectual life. |
| 9 (RLIN) | 58700 |
| 700 1# - ADDED ENTRY--PERSONAL NAME | |
| Personal name | Morley, Edith J. |
| Fuller form of name | (Edith Julia), |
| Dates associated with a name | 1875-1964. |
| 942 ## - ADDED ENTRY ELEMENTS (KOHA) | |
| Source of classification or shelving scheme | Dewey Decimal Classification |
| Koha item type | Books |
| Lost status | Source of classification or shelving scheme | Damaged status | Not for loan | Collection code | Permanent Location | Current Location | Shelving location | Date acquired | Source of acquisition | Cost, normal purchase price | Total Checkouts | Full call number | Date last seen | Copy number | Koha item type |
|---|---|---|---|---|---|---|---|---|---|---|---|---|---|---|---|
| Dewey Decimal Classification | Not For Loan | Non-fiction | Central Library, University of Rajshahi | Central Library, University of Rajshahi | Reading Room | 04/02/1971 | Zeithlinger. | 0.00 | 820.92 HEN 1967 V-2 | 23/02/2014 | C-1 | Books | |||
| Dewey Decimal Classification | Non-fiction | Central Library, University of Rajshahi | Central Library, University of Rajshahi | Reading Room | 04/02/1971 | Zetlinger | 820.92 HEN 1967 V-3 | 03/02/2020 | C-1 | Books | |||||
| Dewey Decimal Classification | Not For Loan | Non-fiction | Central Library, University of Rajshahi | Central Library, University of Rajshahi | Reading Room | 30/01/1971 | Zeitlinger | 403.00 | 820.92 HEN 1967 V-1 | 03/02/2020 | C-1 | Books |